000 00897nmc a2200313 a 4500
003 AR-BaBNM
005 20251128202917.0
008 011101s1993 ||||||||||||||000 | spa||
020 _a84-7046-479-5
040 _cAR-BaBNM
100 1 _aRico Vercher, Manuel
245 1 0 _aEducación ambiental
_bdiseño curricular
260 _aMadrid
_bCincel
_c1993
300 _a236 p.
_bil., gráfs.
490 0 _aEducación y futuro. Monografías para la reforma
_vv. 15
500 _aIncluye anexos
504 _aContiene bibliografía al final de cada capítulo
650 4 _aPROYECTOS
650 4 _aEDUCACION AMBIENTAL
650 4 _aCURRICULO
650 4 _aMEDIO AMBIENTE
650 4 _aPROGRAMAS DE ENSENANZA
651 4 _aEspaña
653 _aDISENO CURRICULAR
653 _aESTRATEGIAS DIDACTICAS
800 1 _aRomán Pérez, Martiniano
_edirector
942 _cBK
998 _cGrace
999 _c1154
_d1154